000 00722nam a2200181 i 4500
001 73761
003 ES-MaACL
005 20230906171921.0
007 t|
008 040910s1976 sp ||||1| spa d
100 0 _aGómez-Tabanera, José Manuel,
_d1926-2011
_958165
245 1 4 _aLas poblaciones prehistóricas del Levante español a la luz de la investigación antropológica y etnológica /
_cJ.M. Gómez-Tabanera.
260 _a[Castellón de la Plana :
_bDiputación provincial de Castellón,
_c1976]
300 _a11 h. :
_bil. ;
_c24 cm.
500 _aEs Separata de: Cuadernos de Prehistoria y Arqueología Castellonense 1976, T. 3, p. 18-38.
852 _aES-MaACL
_j2107-F-13
_bR.96538
999 _c73761
_d73761